Kartky - Dom Na Skraju Niczego - Statystyki

Ogólne statystyki
  • Ten quiz został rozwiązany 118 razy
  • Średni wynik to 7 z 11
Statystyki odpowiedzi
Hint Odpowiedź % Poprawnych
10 dom na skraju niczego
95%
7 koszmar minionego lata
79%
9 yennefer
67%
4 igni
62%
1 się skończył
62%
5 detroit
59%
2 azrael
55%
8 westworld
55%
6 łza dla cieniów minionych
49%
3 nie umiem spać w nocy, bo patrzę na księżyc
40%
BONUS neverland
28%
Nie znaleziono quizów pasujących do podanych kryteriów
Rozkład punktacji
Procent ludzi z każdym wynikiem
Percentyl według liczby udzielonych odpowiedzi
Twoja historia wyników
Nie rozwiązałeś tego quizu